00321nam a2200121Ia 4500008004100000041000800041082001200049100001700061245004500078260003500123300003000158365001100188240624s9999 xx 000 0 und d aeng a828 NAS aNASAR SYLVIA aGRAND PURSUIT THE STORY OF ECONOMIC GENI c2011aNew DelhibHarperCollins axv, : 558 : p. : cm. ; 21 cRSb25